| 000 | 00419nam a22001577a 4500 | ||
|---|---|---|---|
| 020 | _a81-7890-120-X | ||
| 082 |
_a530 _bSYL/D |
||
| 100 | _aSYLVIN MORRIS | ||
| 245 |
_aDICTIONAY OF SCIENTIFIC UNITS _bSCIENTIFIC BOOK |
||
| 246 |
_aDICTIONAY OF SCIENTIFIC UNITS _bSCIENTIFIC BOOK |
||
| 260 |
_aDELHI _bIVY PUBLISHING HOUSE _c2005 |
||
| 300 | _a423 | ||
| 520 | _aSCIENTIFIC TEXT | ||
| 650 | _aSCIENTIFIC TEXT | ||
| 942 | _cBK | ||
| 999 |
_c1332 _d1332 |
||